| 000 | 00485nam a22001697a 4500 | ||
|---|---|---|---|
| 999 |
_c525227 _d525227 |
||
| 020 | _a9781472989758 | ||
| 082 | _aQ48 B791 | ||
| 100 |
_aBrooks, Arthur C. _943364 |
||
| 245 |
_aFrom strength to strength _cby Arthur C. Brooks |
||
| 260 |
_aLondon _bGreen Tree _c2022 |
||
| 300 | _a252p. | ||
| 650 |
_aAging _943365 |
||
| 650 |
_aAging - Psychological aspects _943366 |
||
| 650 |
_aBusiness & economics _943367 |
||
| 650 |
_aFamily & relationships _943368 |
||
| 650 |
_aHappiness _943369 |
||